The professionalization of knowledge in european markets . engineering in the UK and Poland.

La profesionalizacion del conocimiento en los mercados Europeos: ingenieria en el Reino Unido y Polonia\\Este articulo examina uno de los contextos institucionales en los cuales se controla, reproduce y cambia el conocimiento. Hablamos de las asociaciones profesionales a nivel estatal y provincial,...

Full description

Bibliographic Details
Main Author: Evetts, Julia
Other Authors: Buchner-Jeziorska, Anna
Format: Libro
Language:English
Published: Sage Publications 2001
Subjects:

MARC

LEADER 00000cam a2200000 a 4500
001 029973
003 UAHC_CL
005 20170803123141.0
008 020802b xx j 000 1 eng
040 |a UAHC_CL  |c UAHC_CL  |d UAHC_CL 
100 1 |a Evetts, Julia 
245 1 4 |a The professionalization of knowledge in european markets . engineering in the UK and Poland. 
260 |b Sage Publications  |c 2001 
500 |a En : Current Sociology, n¼4, july 2001 
520 |a La profesionalizacion del conocimiento en los mercados Europeos: ingenieria en el Reino Unido y Polonia\\Este articulo examina uno de los contextos institucionales en los cuales se controla, reproduce y cambia el conocimiento. Hablamos de las asociaciones profesionales a nivel estatal y provincial, y cada vez mas, de lay federaciones profesionales internacionales que operan a nivel regional (Europa, por ejemplo). El articulo comienza con una afirmacion general acerca de los pro-cesos de profesionalizacion dentro de los estados y acerca de como estan siendo afectados por la internationalizacion. Despues se compara la reglamentacion nacional e internacional de la profesion de ingenierfa en un estudio de doe contextos nacionales-estatales Europeos opuestos: el Reino Unido y Polonia. El articulo concluye con una discusion sobre lay distintas repercusiones de la reglamentacion internacional y sobre el efecto que puedan tener en terminos de empleo y mobilidad para ingenieros en distintos naciones-estados Europeos. 
650 4 |a PROFESIONES 
650 4 |a MERCADO DEL TRABAJO  |z EUROPA 
700 1 |a Buchner-Jeziorska, Anna 
900 |a CURRENT SOCIOLOGY-4/01 
942 |c BK 
999 |c 29973  |d 29973